[Event "Izmailov Memorial op 12th"]
[Site "Tomsk"]
[Date "2008.06.30"]
[Round "6"]
[White "Ufimtsev, Vladimir"]
[Black "Panov, Igor"]
[Result "1-0"]
[WhiteElo "2069"]
[BlackElo "2197"]
[PlyCount "107"]
[EventDate "2008.06.25"]
[EventType "swiss"]
[EventRounds "9"]
[EventCountry "RUS"]
[SourceTitle "CBM 125 Extra"]
[Source "ChessBase"]
[SourceDate "2008.09.01"]
[SourceVersion "1"]
[SourceVersionDate "2008.09.01"]
[SourceQuality "1"]

1. a3 g6 2. b4 Bg7 3. d4 d6 4. Bb2 c5 5. e3 Bf5 6. Nf3 cxd4 7. exd4 Nf6 8. Bd3 Bxd3 9. Qxd3 0-0 10. Nbd2 Nbd7 11. c4 e5 12. 0-0 Re8 13. Rfe1 Qb6 14. c5 Qc6 15. Qb3 dxc5 16. dxc5 Nd5 17. Ne4 Nf4 18. Rad1 Rad8 19. g3 Ne6 20. Nd6 Rf8 21. Nxe5 Nxe5 22. Bxe5 Ng5 23. Bxg7 Nh3+ 24. Kf1 Kxg7 25. f3 Ng5 26. Kg2 Rd7 27. Qd5 Qxd5 28. Rxd5 Rxd6 29. cxd6 Ne6 30. Rc1 Kf6 31. d7 a6 32. Rc8 Nd8 33. Kf2 Ke6 34. Rd3 f5 35. f4 Ke7 36. Rc5 Nc6 37. b5 axb5 38. Rxb5 Rb8 39. Ke3 Kd8 40. h4 Kc7 41. h5 Ra8 42. hxg6 hxg6 43. Re5 Nd8 44. Re7 Ra4 45. Rg7 Re4+ 46. Kf3 Re6 47. Kg2 Rc6 48. Kh3 b5 49. Kh4 Ra6 50. Re7 Rb6 51. Kg5 b4 52. axb4 Rxb4 53. Kxg6 Rb5 54. Re5 1-0

[Event "Izmailov Memorial op 10th"]
[Site "Tomsk"]
[Date "2006.07.12"]
[Round "1"]
[White "Ibrayev, Nurlan"]
[Black "Panov, Igor"]
[Result "1-0"]
[WhiteElo "2498"]
[BlackElo "2233"]
[PlyCount "83"]
[EventDate "2006.07.12"]
[EventType "swiss"]
[EventRounds "9"]
[EventCountry "RUS"]
[SourceTitle "EXT 2008"]
[Source "ChessBase"]
[SourceDate "2007.11.25"]
[SourceVersion "1"]
[SourceVersionDate "2007.11.25"]
[SourceQuality "1"]

1. e4 d6 2. d4 Nf6 3. Nc3 g6 4. g3 Bg7 5. Bg2 0-0 6. Nge2 c5 7. d5 e6 8. dxe6 Bxe6 9. e5 Ng4 10. Bxb7 Nd7 11. exd6 Rb8 12. Bg2 Rb6 13. Nf4 Bf5 14. 0-0 Nde5 15. h3 Rxd6 16. hxg4 Rxd1 17. Rxd1 Bd7 18. Be3 Qb6 19. Nfd5 Qxb2 20. Bxc5 Bxg4 21. Rab1 Qxc2 22. Be4 Bxd1 23. Bxc2 Bxc2 24. Bxf8 Bxf8 25. Rb7 a6 26. Nb4 Bf5 27. Nxa6 h5 28. Nb4 g5 29. Nbd5 h4 30. Ne7+ Bxe7 31. Rxe7 Be6 32. gxh4 gxh4 33. a4 Kf8 34. Rc7 Ke8 35. a5 Kd8 36. Rc5 Nd7 37. a6 Nxc5 38. a7 Nd7 39. a8Q+ Ke7 40. Ne4 f6 41. Qh8 h3 42. Qg7+ 1-0

[Event "RUS-Cup01"]
[Site "Tomsk"]
[Date "2003.07.10"]
[Round "7"]
[White "Panov, Igor"]
[Black "Grunina, Nina"]
[Result "1-0"]
[WhiteElo "2303"]
[BlackElo "2181"]
[PlyCount "85"]
[EventDate "2003.07.04"]
[EventType "swiss"]
[EventRounds "9"]
[EventCountry "RUS"]
[SourceTitle "CBM 095 Extra"]
[Source "ChessBase"]
[SourceDate "2003.09.04"]
[SourceVersion "1"]
[SourceVersionDate "2003.09.04"]
[SourceQuality "1"]

1. d4 Nf6 2. Nf3 g6 3. g3 Bg7 4. Bg2 0-0 5. 0-0 d6 6. c4 Nc6 7. Nc3 a6 8. e4 Bg4 9. h3 Bxf3 10. Bxf3 e5 11. d5 Nd4 12. Bg2 c5 13. Kh2 b5 14. Qd3 Rb8 15. Ne2 Nd7 16. b3 f5 17. Nxd4 cxd4 18. b4 bxc4 19. Qxc4 Qb6 20. Bd2 Rbc8 21. Qd3 Qb5 22. Qxb5 axb5 23. Bg5 Rfe8 24. exf5 gxf5 25. Rac1 Nb6 26. Rc6 Nc4 27. Rc1 h6 28. Bh4 d3 29. a4 d2 30. Rd1 e4 31. axb5 Bc3 32. b6 Rxc6 33. dxc6 Nxb6 34. b5 d5 35. c7 d4 36. Bf6 e3 37. fxe3 dxe3 38. Bxc3 e2 39. Rxd2 e1Q 40. Rd8 Qe7 41. Bf6 Qe2 42. Bd4 Nc4 43. c8Q 1-0

[Event "RUS-Cup01"]
[Site "Tomsk"]
[Date "2003.07.07"]
[Round "4"]
[White "Kotelevsky, Valery"]
[Black "Panov, Igor"]
[Result "0-1"]
[WhiteElo "2055"]
[BlackElo "2303"]
[PlyCount "60"]
[EventDate "2003.07.04"]
[EventType "swiss"]
[EventRounds "9"]
[EventCountry "RUS"]
[SourceTitle "CBM 095 Extra"]
[Source "ChessBase"]
[SourceDate "2003.09.04"]
[SourceVersion "1"]
[SourceVersionDate "2003.09.04"]
[SourceQuality "1"]

1. d4 Nf6 2. Nf3 g6 3. c4 Bg7 4. Nc3 d5 5. Bf4 0-0 6. e3 c5 7. dxc5 Qa5 8. Qb3 Be6 9. Qb5 Qxb5 10. cxb5 Rc8 11. Na4 Nbd7 12. Rc1 Nb6 13. b3 Nxa4 14. bxa4 Ne4 15. c6 bxc6 16. bxc6 Bc3+ 17. Rxc3 Nxc3 18. Ba6 Rxc6 19. Bb7 Rb6 20. Bxa8 Rb1+ 21. Kd2 Ne4+ 22. Ke2 Rxh1 23. Ne1 Nc3+ 24. Kd2 Nxa4 25. Bc6 Nb6 26. Ke2 Bd7 27. Bxd7 Nxd7 28. g4 e5 29. Bg3 Nc5 30. f3 e4 0-1

[Event "RUS-Cup01"]
[Site "Tomsk"]
[Date "2003.07.06"]
[Round "3"]
[White "Panov, Igor"]
[Black "Kravtsova, Anastasia"]
[Result "1/2-1/2"]
[WhiteElo "2303"]
[BlackElo "2123"]
[PlyCount "60"]
[EventDate "2003.07.04"]
[EventType "swiss"]
[EventRounds "9"]
[EventCountry "RUS"]
[SourceTitle "CBM 095 Extra"]
[Source "ChessBase"]
[SourceDate "2003.09.04"]
[SourceVersion "1"]
[SourceVersionDate "2003.09.04"]
[SourceQuality "1"]

1. d4 d5 2. Nf3 e6 3. c4 f5 4. Nc3 c6 5. Bf4 Nf6 6. e3 Bd6 7. Bxd6 Qxd6 8. Bd3 Nbd7 9. 0-0 0-0 10. Rb1 Ne4 11. Nd2 Ndf6 12. f3 Nxd2 13. Qxd2 Bd7 14. b4 b6 15. a4 c5 16. cxd5 cxd4 17. Nb5 Bxb5 18. Bxb5 dxe3 19. Qxe3 Nxd5 20. Qd4 Rfd8 21. Rfd1 Qe7 22. Bc6 Rac8 23. b5 Qf6 24. Qxf6 Nxf6 25. a5 Kf8 26. a6 Ke7 27. h3 Rxd1+ 28. Rxd1 Rd8 29. Rc1 Nd7 30. f4 Rc8 1/2-1/2

[Event "RUS-Cup03"]
[Site "Tomsk"]
[Date "2002.07.14"]
[Round "7"]
[White "Panov, Igor"]
[Black "Skatchkov, Pavel"]
[Result "0-1"]
[WhiteElo "2312"]
[BlackElo "2485"]
[PlyCount "62"]
[EventDate "2002.07.08"]
[EventType "swiss"]
[EventRounds "9"]
[EventCountry "RUS"]
[SourceTitle "CBM 089 Extra"]
[Source "ChessBase"]
[SourceDate "2002.09.10"]
[SourceVersion "2"]
[SourceVersionDate "2002.09.10"]
[SourceQuality "1"]

1. d3 d5 2. Nd2 e5 3. g3 Nf6 4. Bg2 Bc5 5. e4 dxe4 6. Nxe4 Nxe4 7. Bxe4 0-0 8. Bg2 Nc6 9. Be3 Bd6 10. Ne2 Bg4 11. f3 Bh5 12. 0-0 f5 13. Qd2 f4 14. Bf2 fxg3 15. Bxg3 Qf6 16. Nc3 Nd4 17. Ne4 Qf5 18. Rae1 Nxf3+ 19. Bxf3 Bxf3 20. d4 Be7 21. Re3 Qh5 22. Qd3 Bg4 23. Nf2 Bf5 24. Qc4+ Kh8 25. Qxc7 Bg5 26. Rxe5 Bf6 27. Rd5 Qf3 28. Qxb7 Rab8 29. Bxb8 Be4 30. Nxe4 Bxd4+ 31. Rf2 Bxf2+ 0-1